| 000 | 00686nas a2200241 i 4500 | ||
|---|---|---|---|
| 001 | 188038 | ||
| 003 | ES-MaACL | ||
| 005 | 20250413193922.0 | ||
| 008 | 180418c1964 sp | | ||pa d | ||
| 022 | _a0584-7176 | ||
| 245 | 0 | 0 |
_aEncuesta sobre población activa / _cInstituto Nacional de Estadística. |
| 260 |
_aMadrid : _bINE, _c1964- |
||
| 300 |
_a58 v. ; _c26 cm. |
||
| 310 | _aTrimestral desde 1975 | ||
| 321 | _aAnual | ||
| 655 | 7 |
_2tgfbne _9226866 _aRevistas |
|
| 710 | 2 |
_aInstituto Nacional de Estadística (España) _95162 |
|
| 852 |
_aES-MaACL _jP-1496 |
||
| 866 | 0 | _o1966-1968,1970-1983. | |
| 942 |
_2udc _cPERIODICA |
||
| 999 |
_c188038 _d188038 |
||